Nové prostriedky ochrany spotrebiteľa v spotrebiteľských sporoch podľa CSP

Právne špecifiká spotrebiteľských vzťahov, na ktoré v značnej miere reflektuje hmotno-právna úprava ovplyvnili taktiež úpravu procesného práva a preniesli sa aj do Civilného sporového poriadku. Posilnenie právnej ochrany spotrebiteľov, už tak obsiahlo normovanej predpismi hmotného práva, ktorá je im...

Descripción completa

Guardado en:
Detalles Bibliográficos
Autor principal: Filičko, Vladimír
Formato: Capítulo de libro
Lenguaje:eslovaco
Materias:
Etiquetas: Agregar Etiqueta
Sin Etiquetas, Sea el primero en etiquetar este registro!

MARC

LEADER 00000nla a2200000 4500
001 0241355
005 20240417075133.7
041 0 |a slo 
044 |a SK 
245 1 0 |a Nové prostriedky ochrany spotrebiteľa v spotrebiteľských sporoch podľa CSP  |c Vladimír Filičko 
520 |a Právne špecifiká spotrebiteľských vzťahov, na ktoré v značnej miere reflektuje hmotno-právna úprava ovplyvnili taktiež úpravu procesného práva a preniesli sa aj do Civilného sporového poriadku. Posilnenie právnej ochrany spotrebiteľov, už tak obsiahlo normovanej predpismi hmotného práva, ktorá je im poskytovaná novým procesným kódexom. Jednotlivé špecifiká, odklony a aplikačné otázky v procese rozhodovania spotrebiteľských sporov, ktoré sú rozdielne od procesu rozhodovania iných „štandardných sporov“. 
610 2 0 |a spotrebitelia 
610 2 0 |a ochrana spotrebiteľa 
610 2 0 |a ochrana právna 
610 2 0 |a právo spotrebiteľské 
610 2 0 |a zodpovednosť hmotná 
610 2 0 |a zodpovednosť právna 
100 1 |a Filičko, Vladimír